000 00510nam a22001697a 4500
999 _c9622
_d9622
008 210915b ||||| |||| 00| 0 eng d
040 _aBMS College of Architecture
100 _aBeary, Zainab
245 _aSchool of Architecture
300 _a160pp.
500 _a1BM12AT084
502 _8B.Arch
_NBMS College of Architecture, Visvesvaraya Technological University (VTU)
_aProject report
_d2016
650 _aSchool
700 _aMamatha P Raj
_eGuide
700 _aSachin Shetty
_eGuide
942 _2ddc
_cTHE